书目信息 |
| 题名: |
剧场建筑设计
|
|
| 作者: | 许宏庄 著 | |
| 分册: | ||
| 出版信息: | 北京 中国建筑工业出版社 1984 |
|
| 页数: | 304页 | |
| 开本: | 25cm | |
| 丛书名: | ||
| 单 册: | ||
| 中图分类: | TU242.2 | |
| 科图分类: | ||
| 主题词: | 民用建筑--建筑设计 | |
| 电子资源: | ||
| ISBN: | ||
| 000 | 00634nam0 2200241 45 | |
| 001 | 0184011494 | |
| 005 | 20040514102322.2 | |
| 010 | @dCNY2.10 | |
| 091 | @a15040.4640 | |
| 100 | @a19950626d1984 em y0chiy0121 ea | |
| 101 | 0 | @achi |
| 102 | @aCN@b110000 | |
| 105 | @ay z 000yy | |
| 106 | @ar | |
| 200 | 10 | @a剧场建筑设计@Aju chang jian zhu she ji@f许宏庄著 |
| 210 | @a北京@c中国建筑工业出版社@d1984 | |
| 215 | @a304页@d25cm | |
| 606 | 0 | @a民用建筑@x建筑设计 |
| 690 | @aTU242.2 | |
| 701 | 0 | @a许宏庄@Axu hong zhuang@4著 |
| 801 | 0 | @aCN@b上海图书馆@c20040514 |
| 801 | 2 | @aCN@bNLC@c20040514 |
| 905 | @f1@b127149@dTU242.2@e104 | |
| 剧场建筑设计/许宏庄著.-北京:中国建筑工业出版社,1984 |
| 304页;25cm |
| ISBN :CNY2.10 |
| ● |
| 相关链接 |
|
|
|
|
正题名:剧场建筑设计
索取号:TU242.2/104
 
预约/预借
| 序号 | 登录号 | 条形码 | 馆藏地/架位号 | 状态 | 备注 |
| 1 | 0127149 | 001484405 | 第三借阅区/ [索取号:TU242.2/104] | 在馆 | |
| 2 | 0127150 | 001484334 | 第二样本阅览室/ [索取号:TU242.2/104] | 在馆 |